[Event "Ayr op"]
[Site "Ayr"]
[Date "2016.05.29"]
[Round "4"]
[White "Brown, Steven A"]
[Black "Floros, Antonios"]
[Result "0-1"]
[WhiteElo "2021"]
[BlackElo "1816"]
[PlyCount "104"]
[EventDate "2016.05.27"]
[EventType "swiss"]
[EventRounds "5"]
[EventCountry "SCO"]
[SourceTitle "CBM 172 Extra"]
[Source "ChessBase"]
[SourceDate "2016.06.21"]
[SourceVersion "1"]
[SourceVersionDate "2016.06.21"]
[SourceQuality "1"]

1. d4 Nf6 2. c4 e6 3. g3 d5 4. Nf3 Bb4+ 5. Bd2 Be7 6. Bg2 0-0 7. 0-0 c6 8. b3 Nbd7 9. Nc3 b6 10. Ne5 Bb7 11. cxd5 cxd5 12. Nd3 Ne4 13. Nxe4 dxe4 14. Nb2 f5 15. Rc1 Nf6 16. Bf4 Nd5 17. Nc4 Nxf4 18. gxf4 Rc8 19. e3 Rc7 20. Qd2 Qc8 21. Ne5 Ba3 22. Rxc7 Qxc7 23. f3 exf3 24. Nxf3 Rc8 25. Ne5 Ba6 26. Rf3 Qc1+ 27. Qxc1 Rxc1+ 28. Bf1 Ra1 29. h4 Bxf1 30. Rxf1 Rxa2 31. Nc4 Be7 32. h5 b5 33. Ne5 Ba3 34. Rd1 Rc2 35. Rd3 Bb4 36. d5 Rd2 37. dxe6 Rxd3 38. Nxd3 Bd6 39. Kf2 Kf8 40. Kf3 Ke7 41. e4 fxe4+ 42. Kxe4 Kxe6 43. Nf2 a5 44. Nd1 a4 45. bxa4 bxa4 46. Nc3 a3 47. Na2 Bc7 48. Nc1 Ba5 49. Na2 Kf6 50. Nc1 Bb4 51. Na2 Bd2 52. Kf3 Kf5 0-1

[Event "Dundee & Angus op"]
[Site "Dundee"]
[Date "2015.10.09"]
[Round "1"]
[White "Hall, David E"]
[Black "Floros, Antonios"]
[Result "0-1"]
[WhiteElo "1766"]
[BlackElo "1930"]
[PlyCount "76"]
[EventDate "2015.10.09"]
[EventType "swiss"]
[EventRounds "5"]
[EventCountry "SCO"]
[SourceTitle "EXT 2023"]
[Source "ChessBase"]
[SourceDate "2022.10.05"]
[SourceVersion "1"]
[SourceVersionDate "2022.10.05"]
[SourceQuality "1"]

1. d4 Nf6 2. Nf3 e6 3. c4 b6 4. g3 Bb7 5. Bg2 Bb4+ 6. Bd2 Be7 7. Nc3 0-0 8. 0-0 d5 9. cxd5 Nxd5 10. Re1 c5 11. Nxd5 Bxd5 12. dxc5 Bxc5 13. b4 Be7 14. Bc3 Na6 15. a3 Rc8 16. Rc1 Nc7 17. e4 Bb7 18. Qb3 Nb5 19. Red1 Qe8 20. Nd4 Nxc3 21. Rxc3 Rxc3 22. Qxc3 Bf6 23. Qb3 Qa8 24. Nb5 Bxe4 25. Bxe4 Qxe4 26. Nxa7 h5 27. Qd3 Qa8 28. Nb5 h4 29. f3 Qa4 30. Qe2 Rc8 31. Rd2 Qb3 32. Kf2 Rc1 33. Qd3 Qxd3 34. Rxd3 Rh1 35. Nd6 Rxh2+ 36. Ke3 Ra2 37. Nc4 h3 38. Rd1 Ra1 0-1

[Event "LSS OP-2009-0-00728"]
[Site "LSS email"]
[Date "2009.01.24"]
[Round "?"]
[White "Vontina, Maria"]
[Black "Floros, Antonios"]
[Result "1-0"]
[WhiteElo "649"]
[BlackElo "1702"]
[PlyCount "32"]
[EventDate "2009.01.23"]
[EventType "tourn (corr)"]
[EventRounds "4"]
[EventCountry "GER"]
[SourceTitle "Corr 2011"]
[Source "ChessBase"]
[SourceDate "2010.08.31"]
[SourceVersion "1"]
[SourceVersionDate "2010.08.31"]
[SourceQuality "1"]

1. e4 e5 2. Nf3 Nc6 3. Bb5 a6 4. Ba4 Nf6 5. 0-0 Nxe4 6. d4 b5 7. Bb3 d5 8. c3 exd4 9. Nxd4 Nxd4 10. Qxd4 Be6 11. Bf4 Nf6 12. Nd2 Bd6 13. Bxd6 Qxd6 14. Rae1 0-0 15. Nf3 c5 16. Qd2 Ne4 1-0

[Event "IECG CB.2008.0.00186 email"]
[Site "IECG email"]
[Date "2008.11.28"]
[Round "?"]
[White "Floros, Antonios"]
[Black "Bertel, Michael"]
[Result "0-1"]
[WhiteElo "1800"]
[BlackElo "1819"]
[PlyCount "30"]
[EventDate "2008.11.28"]
[EventType "tourn (corr)"]
[EventRounds "6"]
[SourceTitle "Corr 2024"]
[Source "ChessBase"]
[SourceDate "2023.10.19"]
[SourceVersion "1"]
[SourceVersionDate "2023.10.19"]
[SourceQuality "1"]

1. e4 e5 2. Nf3 Nc6 3. Bc4 Nf6 4. Ng5 d5 5. exd5 Na5 6. Bb5+ c6 7. dxc6 Nxc6 8. Bxc6+ bxc6 9. Nc3 Nd5 10. d3 Be7 11. Nf3 Nxc3 12. bxc3 f6 13. 0-0 0-0 14. d4 Qa5 15. dxe5 fxe5 0-1

[Event "IECG QB.2008.0.00095 email"]
[Site "IECG email"]
[Date "2008.11.28"]
[Round "?"]
[White "Floros, Antonios"]
[Black "Sherwood, Russell"]
[Result "0-1"]
[WhiteElo "1800"]
[BlackElo "1880"]
[PlyCount "23"]
[EventDate "2008.11.28"]
[EventType "tourn (corr)"]
[EventRounds "6"]
[SourceTitle "Corr 2024"]
[Source "ChessBase"]
[SourceDate "2023.10.19"]
[SourceVersion "1"]
[SourceVersionDate "2023.10.19"]
[SourceQuality "1"]

1. e4 c5 2. d4 cxd4 3. c3 dxc3 4. Nxc3 e6 5. Nf3 a6 6. Bc4 Nc6 7. 0-0 Nge7 8. Qe2 Ng6 9. Rd1 Be7 10. Be3 0-0 11. Rac1 b5 12. Bb3 0-1

[Event "LSS OP-2008-0-00680"]
[Site "LSS email"]
[Date "2008.11.18"]
[Round "?"]
[White "Agrafenin, Andrey Alexandrovic"]
[Black "Floros, Antonios"]
[Result "1-0"]
[WhiteElo "1917"]
[BlackElo "1800"]
[PlyCount "43"]
[EventDate "2008.11.16"]
[EventType "tourn (corr)"]
[EventRounds "4"]
[EventCountry "GER"]
[SourceTitle "Corr 2011"]
[Source "ChessBase"]
[SourceDate "2010.08.31"]
[SourceVersion "1"]
[SourceVersionDate "2010.08.31"]
[SourceQuality "1"]

1. c4 e5 2. Nc3 d6 3. g3 f5 4. Bg2 Nf6 5. d3 Be7 6. Nf3 0-0 7. 0-0 c6 8. b4 Na6 9. Rb1 Nc7 10. b5 Bd7 11. Qb3 Rb8 12. Be3 c5 13. Bd2 Nh5 14. Qa3 f4 15. Qxa7 fxg3 16. fxg3 Qc8 17. Ng5 h6 18. Nd5 Rxf1+ 19. Rxf1 Bxg5 20. Bxg5 Qe8 21. Nxc7 Qc8 22. Nd5 1-0

[Event "IECG CB.2008.0.00186 email"]
[Site "IECG email"]
[Date "2002.01.28"]
[Round "1"]
[White "Floros, Antonios"]
[Black "Bearce, Harold"]
[Result "1-0"]
[WhiteElo "1800"]
[BlackElo "1893"]
[PlyCount "27"]
[EventDate "2008.11.28"]
[EventType "tourn (corr)"]
[EventRounds "6"]
[SourceTitle "Corr 2024"]
[Source "ChessBase"]
[SourceDate "2023.10.19"]
[SourceVersion "1"]
[SourceVersionDate "2023.10.19"]
[SourceQuality "1"]

1. e4 e5 2. Nf3 Nc6 3. Bc4 Bc5 4. c3 Nf6 5. d3 a6 6. 0-0 0-0 7. Re1 d6 8. Nbd2 Ng4 9. d4 exd4 10. cxd4 Ba7 11. h3 Nf6 12. Nf1 Re8 13. Ng3 Be6 14. d5 1-0